000 00470nam a2200193Ia 4500
005 20240823034311.0
008 240823s9999||||xx |||||||||||||| ||und||
020 _a978-81-264--3579-1
041 _aMALAYALAM
082 _A920 Q2
100 _aAppukkuttan Chingamparambil
245 0 _aMahacharithamala (Visudha Alphonsa)
250 _a1st
260 _c2012
_b"D C Books,Kot"
500 _aYES
650 _aBiography
_bGeneral
942 _cBK
999 _c197916
_d197916